000 00278nam a22001337a 4500
008 170522b xxu||||| |||| 00| 0 eng d
020 _a2901577660117
041 _aeng
080 _a94
100 _a16
101 _aSHH
245 _aHINDUISM
_cKNIPE, D.M
942 _2udc
_cBK
999 _c13609
_d13609